Nad plytkou hladinou

Bibliographic Details
Main Author: Prokešová, Viera, 1957-2008 (Author)
Format: Article
Language:Slovak
Subjects:

MARC

LEADER 00000nab a2200000 a 4500
001 vtls000617382
003 SK-MaSNL
005 20260303220728.0
008 160314c1997 xo 0 slo
015 |a SNBRB19rr/mm-uuuuu 
035 |a CL0617521 
040 |a SNKBUCL  |b slo  |c SNKBUCL  |e AACR2 
041 0 |a slo 
044 |a xo  |c SK 
080 |a 82.09:885.4-1(048)  |2 1981 
080 |a 885.4-1(048)  |2 1981 
100 1 |a Prokešová, Viera,  |d 1957-2008  |4 aut  |9 98786 
245 1 0 |a Nad plytkou hladinou  |c Viera Prokešová 
650 0 7 |a slovenská poézia  |2 snkbucl  |9 215422 
655 7 |a recenzie  |2 snkbucl  |9 21907 
773 0 |x 1210-1982  |t Knižná revue  |g Roč. 7, č. 1 (1997), s. 5 
787 0 8 |i Rec.:  |a Strieženec, Štefan  |t Nad kruhmi vody  |d Vrútky : Nadas-AFGH, 1996 
850 |a Slovenská národná knižnica v Martine  |a MTA001 
852 |a SNK  |b KIS3GCP 
958 |a SK 
958 |a LX 
958 |a RK 
958 |a RBX 
999 |c 2228621  |d 2230551